Understanding the history of the International Aid System and the Development Research Tradition: the case of the disappearing religious NGOs /

محفوظ في:
التفاصيل البيبلوغرافية
المؤلف الرئيسي: Tvedt, Terje
التنسيق: نص
الموضوعات:
الوسوم: إضافة وسم
لا توجد وسوم, كن أول من يضع وسما على هذه التسجيلة!

MARC

LEADER 00000 a a2200000 04500
001 8189
003
040
100 |a Tvedt, Terje  
245 |a Understanding the history of the International Aid System and the Development Research Tradition:   |b the case of the disappearing religious NGOs /  |c Terje Tvedt 
650 |a COOPERACION INTERNACIONAL  
650 |a ORGANIZACIONES NO GUBERNAMENTALES  
650 |a INSTITUCIONES RELIGIOSAS  
650 |a BANCO MUNDIAL  
773 |g volumen 33, número 2; páginas 341-366  
999 |c 19957  |d 19957